Chars français 2e guerre mondiale par image - Statistiques

Statistiques générales
  • Ce quiz a été pris 97 fois
  • Le résultat moyen est 3 sur 8
Statistiques - réponses
Par images Réponse % Correct
R35
84%
S35
56%
D2
45%
Sau40
34%
ARL V39
25%
AMC 35
18%
AMC 34
16%
S40
10%
Aucun quiz correspondant
Distribution des résultats
% des personnes avec chaque résultat
Percentile par nombre de réponses
Votre historique - résultats
Vous n’avez pas pris ce quiz